000 02188cam a22005414i 4500
003 PE-LiUPU
005 20250731180107.0
008 170612s2016 mx a r 000 0 spa d
020 _a9789873889196
020 _a9873889191
035 _a(Sirsi) a204353
040 _aPE-LiUPU
_bspa
_cPE-LiUPU
_erda
082 0 4 _a519.535
_bV41
_223
100 1 _aVéliz Capuñay, Carlos,
_e autor.
245 1 0 _aAnálisis multivariante :
_bmétodos estadísticos multivariantes para la investigación /
_cCarlos Véliz Capuñay.
264 1 _aBuenos aires :
_bCenge Learning,
_c2016.
300 _a196 páginas :
_bilustraciones ;
_c 24centímetros
336 _atext
_2rdacontent
337 _aunmediated
_2rdamedia
338 _avolume
_2rdacarrier
504 _aBibliografía : páginas 195-196.
505 0 _aConceptos básicos -- Componentes principales y análisis factorial -- Análisis de conglomerados -- Excalamiento multidimensional -- El modelo de regresión lineal -- Análisis discriminante -- Regresión logística binaria -- ANOVA de un solo factor -- MANOVA de un solo factor -- Modelos de ecuaciones estructurales -- Clases latentes.
526 _aSEG44
526 _aSEG26
526 _aP159
526 _aP155
526 _aP154
526 _aP153
526 _aP150
526 _aP100
526 _aP31
526 _aP30
526 _aP26
526 _aP25
526 _aP24
526 _aP22
526 _aP15
526 _aP10
650 1 4 _aAnálisis estadístico.
650 2 4 _aAnálisis factorial.
650 2 4 _aEstadísticas.
910 _ajck
_bebj
_cebj
_d20170612
596 _a1
942 _2ddc
_cBOOK
999 _a519.535 V41
_wDEWEY
_c20719
_i76156
_f2021-11-5
_g4
_lCCODEBUL1
_mBUL
_p25.41
_r0
_sY
_tBOOK
_u2017-6-12
_xBIBLIOTECA
_PP04
_0COMPRA
_o.STAFF. Colección Ciencias Empresariales
_d20719
999 _a519.535 V41
_wDEWEY
_c2
_i76157
_d2017-10-1
_e2017-9-22
_f2021-11-5
_g4
_lCCODEBUL1
_mBUL
_n1
_p25.41
_r0
_sY
_tBOOK
_u2017-6-12
_xBIBLIOTECA
_PP04
_0COMPRA
_o.STAFF. Colección Ciencias Empresariales
980 _81
_gALBERTO SANCHEZ Responsable de Automatización